000 01007nam a22002537a 4500
005 20170124103018.0
010 _aA-494880
020 _c40.00
035 _aA-494880
037 _bCen Lib/Ret
040 _aDPL
_bHN
082 _a
_bशर्मा
100 _aशर्मा, यादवेन्द्र
_99690
245 _aपाँव में आँखवाले /
_cयादवेन्द्र शर्मा
246 _aPaanv me ankhwale /
_bby Yadvendra Sharma
260 _aदिल्ली
_bइन्द्रप्रस्थ प्रकाशन
_c1992
270 _aके-71, कृष्णनगर
_bदिल्ली
_e110051
300 _a110पृ.
_c17सेमी (सजिल्द)
650 _aहिन्दी -- साहित्य
_959773
650 _aहिन्दी -- उपन्यास
_959774
650 _aHindi -- Literature
_959775
650 _aHindi -- Fiction
_927248
942 _2ddc
_cHN
_h
_mशर्मा
999 _c115077
_d115077